000
00283nam a2200133Ia 4500
008
190216s9999||||xx |||||||||||||| ||und||
100
_a
Raman.Ps
245
0
_a
Practical Chemistry
250
_a
1st Ed.
260
_b
Null
_c
1977
300
_a
504
650
_a
Chemistry
942
_c
BK
999
_c
2368
_d
2368